Tilastot visalle Jamaika-visa

Klikkaa tästä pelataksesi tätä visaa!

Yleistilastot

  • Tätä visaa on pelattu 42 kertaa
  • Keskiarvotulos 12 / 20

Vastaustilastot

VihjeVastaus% Oikein
Virallinen kieliEnglanti
100%
PääkaupunkiKingston
92%
Meri, jossa Jamaika sijaitseeKaribianmeri
92%
100 ja 200 metrin pikajuoksujen maailmanennätysmiesUsain Bolt
89%
ValuuttaDollari
86%
Suosittu Jamaikalla 1960-luvulla syntynyt musiikkityyliReggae
81%
Kappaleiden "One Love" ja "No Woman, No Cry" laulajaBob Marley
72%
Valtio, josta Jamaika itsenäistyi 1962Yhdistynyt kuningaskunta
72%
Jamaikalla 1930-luvulla syntynyt uskonto ja elämäntapaRastafari
67%
Ensimmäinen Jamaikalla käynyt eurooppalainenKristoffer Kolumbus
61%
Jamaikan virallinen valtionpäämiesElisabet II
56%
Jamaikan tärkein vientituote siirtomaa-aikaanSokeri
53%
Kieli, jota suurin osa väestöstä puhuuJamaikankreoli
42%
Saariryhmä, johon Jamaika kuuluuIsot Antillit
42%
Jamaikan kansallislintuJamaikanpyrstö{kolibri}
36%
Suosittu suuri lomakohdekaupunki maan luoteisosassa{Montego} Bay
33%
Kaupunki, joka oli yllä olevan kaupankäynnin keskus
ja kaappareiden kotisatama 1600-luvulla
Port Royal
31%
Pääkaupungissa sijaitseva asumiskeskittymä, jossa yllä oleva tyyli kehittyi{Trench}town
28%
Vuoristo, jonka kansallispuiston puusto koostuu pilvimetsästä
ja jossa sijaitsee maan korkein kohta
Blue- ja John Crow -vuoret
28%
Jamaikan pääkaupunki vuoteen 1872 asti,
nykyään yksi maan suurimmista kaupungeista
Spanish Town
22%

Tulosjakauma

Persentiili vastausten määrän mukaan

Jokaisen tuloksen saaneiden osuus

Tuloshistoriasi

Et ole pelannut tätä visaa